000 00338nam a2200133Ia 4500
008 240624s9999 xx 000 0 und d
041 _aeng
082 _a658.802 HAR
100 _aHARKIN JAMES
245 _aNICHE WHY THE MARKET NO LONGER FAVOURS T
260 _c2011
_aNew Delhi
_bHachette India
300 _a256 : p.
365 _cRS
_b25
999 _c17408
_d17408